000 00853nam a2200253Ia 4500
003 OSt
005 20220923211238.0
006 a|||||r|||| 00| 0
007 ta
008 Pun
020 _a9788173293054 (hbk)
_c300
024 _a286,521
037 _b934, 23/03/2015, H.K. Prakashan
_cTextual
040 _aARTS
_cARTS
_bPun
041 _2Pun
_aPun
082 _aQ8441:21:g, 153Q4
100 _aਸੁਨੇਜਾ, ਚੰਦਰ ਮੋਹਨ
245 0 _aਗੁਰਬਾਣੀ ਵਿੱਚ ਸਾਕਾਚਾਰੀ-ਪ੍ਰਣਾਲੀ
260 _aਦਿੱਲੀ
_b Fਿਲਾਲੇਖ ਪ੍ਰਕਾFਨ
_c2014
300 _a208ਪ੍ਰ0
_ccm.
650 _aਧਰਮ
942 _hQ8441:21:g, 153Q4
_cTEXL
_2CC
999 _c297565
_d297565